000 00609nam a2200265Ia 4500
008 210210b2008 xxu||||| |||| 00| 0 eng d
020 _a8183242596
041 _aeng
082 _a341.24 BAGR
100 _aBAGCHI (J K)
245 _aRegional integration
260 _aND
_bMittal Publications
_c2008
300 _aix,155
650 _aSAFTA
650 _aRegional
650 _aNAFTA
650 _aMULTILATERISM
650 _aintegration
650 _aEUROPEAN UNION
650 _aERCASUR
650 _aBILATERALISM
650 _aASEAN
690 _aInternational Law
906 _a062974
999 _c130947
_d130947